[Event "3. Memorial Oliver Gonzalez 2012 - B"]
[Site "Madrid ESP"]
[Date "2012.09.01"]
[Round "1.27"]
[White "Ortega Morales, Pedro"]
[Black "Cortijo Manso, Luis"]
[Result "1-0"]
[WhiteElo "1876"]
[BlackElo "1534"]
[PlyCount "79"]
[EventDate "2012.09.01"]
[EventType "swiss"]
[EventRounds "9"]
[EventCountry "ESP"]
[Source "lmi"]
[SourceDate "2012.09.01"]

1. d4 Nf6 2. Bf4 d6 3. e3 Nbd7 4. Nf3 c5 5. c3 Qb6 6. Na3 a6 7. Nc4 Qd8 8. a4
d5 9. Ncd2 e6 10. Bd3 Be7 11. Ne5 c4 12. Bc2 Qa5 13. O-O Nxe5 14. dxe5 Nd7 15.
Qg4 g6 16. e4 Bf8 17. exd5 Qxd5 18. Qe2 Bg7 19. Nxc4 O-O 20. Rfd1 Qc6 21. b4
Rb8 22. Rd6 Qc7 23. a5 b5 24. axb6 Nxb6 25. Nxb6 Rxb6 26. Rxb6 Qxb6 27. Be3 Qc6
28. Bd4 Bb7 29. f3 f6 30. Be4 Qc8 31. Bxb7 Qxb7 32. exf6 Bxf6 33. Qxe6+ Kg7 34.
Bxf6+ Rxf6 35. Qe5 Qb6+ 36. Kf1 Qb5+ 37. Qxb5 axb5 38. Ra7+ Kh6 39. Rb7 Rf5 40.
Rc7 1-0

[Event "3. Memorial Oliver Gonzalez 2012 - B"]
[Site "Madrid ESP"]
[Date "2012.09.01"]
[Round "1.28"]
[White "Mateos Cordero, Francisco"]
[Black "Calleja Sanchez, Alfredo J"]
[Result "0-1"]
[WhiteElo "1506"]
[BlackElo "1903"]
[PlyCount "70"]
[EventDate "2012.09.01"]
[EventType "swiss"]
[EventRounds "9"]
[EventCountry "ESP"]
[Source "lmi"]
[SourceDate "2012.09.01"]

1. d4 Nf6 2. c4 g6 3. Nc3 Bg7 4. e4 d6 5. Nf3 O-O 6. Be2 Nc6 7. O-O e5 8. d5
Ne7 9. a4 Nh5 10. Ne1 Nf4 11. Nd3 Nxe2+ 12. Qxe2 f5 13. f4 fxe4 14. Nxe4 exf4
15. Bxf4 Nf5 16. Bg5 Qe8 17. Nf6+ Bxf6 18. Qxe8 Bd4+ 19. Kh1 Rxe8 20. g4 Ne3
21. Rf4 Be5 22. Re4 Nxg4 23. h3 Bf5 24. Rxg4 Bxd3 25. Ra3 Bf5 26. Rgg3 Bxg3 27.
Rxg3 Re1+ 28. Kg2 Rae8 29. Rc3 R8e2+ 30. Kf3 Be4+ 31. Kg4 Rg2+ 32. Kh4 Bf5 33.
Rf3 Re4+ 34. Bf4 g5+ 35. Kh5 Kg7 0-1

[Event "3. Memorial Oliver Gonzalez 2012 - B"]
[Site "Madrid ESP"]
[Date "2012.09.01"]
[Round "1.30"]
[White "Nuñez Barranco, Lucia"]
[Black "Santamaria Baeza, Adolfo"]
[Result "0-1"]
[WhiteElo "1472"]
[BlackElo "1897"]
[PlyCount "84"]
[EventDate "2012.09.01"]
[EventType "swiss"]
[EventRounds "9"]
[EventCountry "ESP"]
[Source "lmi"]
[SourceDate "2012.09.01"]

1. e4 e5 2. Nf3 Nc6 3. Bc4 Bc5 4. c3 Qf6 5. d3 h6 6. b4 Bb6 7. a4 a6 8. a5 Ba7
9. O-O Nge7 10. Na3 O-O 11. Nc2 d6 12. h3 b5 13. Bb3 Ng6 14. Nce1 Nce7 15. Be3
Nf4 16. Kh2 Neg6 17. Bd5 Nxd5 18. exd5 Nf4 19. Bxf4 Qxf4+ 20. g3 Qf5 21. g4
Qf4+ 22. Kg2 f5 23. Nh2 fxg4 24. hxg4 Bxf2 25. Ra2 Qg3+ 26. Kh1 Bb7 27. c4 bxc4
28. dxc4 Bxe1 29. Qxe1 Qxe1 30. Rxe1 Rf4 31. Rc2 Raf8 32. Rd1 R8f6 33. b5 Rf2
34. Rxf2 Rxf2 35. Rc1 Ra2 36. c5 Bxd5+ 37. Kg1 Rg2+ 38. Kh1 Rc2+ 39. Kg1 Rxc1+
40. Kf2 Rc2+ 41. Kg3 Rg2+ 42. Kh3 dxc5 0-1

[Event "3. Memorial Oliver Gonzalez 2012 - B"]
[Site "Madrid ESP"]
[Date "2012.09.01"]
[Round "1.31"]
[White "Martinez Hernandez, Noemi"]
[Black "Vazquez Cabeza, Isaac"]
[Result "1-0"]
[WhiteElo "1893"]
[BlackElo "1462"]
[PlyCount "61"]
[EventDate "2012.09.01"]
[EventType "swiss"]
[EventRounds "9"]
[EventCountry "ESP"]
[Source "lmi"]
[SourceDate "2012.09.01"]

1. d4 Nf6 2. c3 g6 3. g3 Bg7 4. Bg2 O-O 5. e4 d6 6. f4 Bg4 7. Bf3 Bxf3 8. Qxf3
e6 9. Ne2 Nbd7 10. O-O Nb6 11. Nd2 c6 12. f5 d5 13. e5 Ne4 14. f6 Nxd2 15. Bxd2
Bh8 16. h4 Nc4 17. Bh6 Qd7 18. b3 Nb6 19. Bxf8 Rxf8 20. h5 g5 21. h6 Rd8 22.
Qg4 a5 23. Nf4 Kf8 24. Nh3 Ra8 25. Nxg5 Ke8 26. Nxh7 Kd8 27. Qg8+ Kc7 28. Nf8
Qe8 29. Qxh8 Qxf8 30. Qg7 Nd7 31. Kg2 1-0

[Event "3. Memorial Oliver Gonzalez 2012 - B"]
[Site "Madrid ESP"]
[Date "2012.09.01"]
[Round "1.32"]
[White "Barria Arbunic, Manuel"]
[Black "Camarero Izquierdo, Juan Carlo"]
[Result "0-1"]
[WhiteElo "1470"]
[BlackElo "1899"]
[PlyCount "54"]
[EventDate "2012.09.01"]
[EventType "swiss"]
[EventRounds "9"]
[EventCountry "ESP"]
[Source "lmi"]
[SourceDate "2012.09.01"]

1. d4 d5 2. c4 Nf6 3. cxd5 Nxd5 4. e4 Nf6 5. Nc3 Nc6 6. d5 Nb8 7. e5 Ng8 8. Nf3
g6 9. Bc4 Bg7 10. Bf4 Bg4 11. Qb3 Bxf3 12. gxf3 Nh6 13. Qxb7 Nd7 14. Bb5 O-O
15. e6 Ne5 16. Bxe5 Bxe5 17. O-O-O Nf5 18. Bd3 Nd6 19. Qc6 Qb8 20. Rde1 Bf6 21.
h4 Qb4 22. a3 Qd4 23. Re3 Rab8 24. Rhe1 Rb6 25. Qxc7 Rc8 26. Qxa7 Rxc3+ 27.
bxc3 Rb1+ 0-1

[Event "3. Memorial Oliver Gonzalez 2012 - B"]
[Site "Madrid ESP"]
[Date "2012.09.01"]
[Round "1.33"]
[White "Garcia Salamero, Hector"]
[Black "Martin Rodriguez, Jose L"]
[Result "1-0"]
[WhiteElo "1868"]
[BlackElo "1431"]
[PlyCount "55"]
[EventDate "2012.09.01"]
[EventType "swiss"]
[EventRounds "9"]
[EventCountry "ESP"]
[Source "lmi"]
[SourceDate "2012.09.01"]

1. e4 e6 2. d4 d5 3. e5 c5 4. c3 Nc6 5. Nf3 Qb6 6. a3 cxd4 7. cxd4 Bd7 8. b4
Rc8 9. Be3 Nge7 10. Nbd2 Nf5 11. Nb3 Nxe3 12. fxe3 a6 13. Bd3 Ne7 14. Nc5 Bb5
15. O-O Bxd3 16. Qxd3 Rc7 17. Rac1 Rc6 18. e4 g6 19. Ng5 f5 20. exf6 Nc8 21.
exd5 exd5 22. Rce1+ Kd8 23. Nf7+ Kc7 24. Nxh8 Rxf6 25. Nf7 Bg7 26. Qg3+ Kc6 27.
Rxf6+ Bxf6 28. Re6+ 1-0

[Event "3. Memorial Oliver Gonzalez 2012 - B"]
[Site "Madrid ESP"]
[Date "2012.09.01"]
[Round "1.34"]
[White "Hernandez Ramos, Alberto"]
[Black "Fernandez Gil, Ruben Carlos"]
[Result "0-1"]
[WhiteElo "1422"]
[BlackElo "1891"]
[PlyCount "64"]
[EventDate "2012.09.01"]
[EventType "swiss"]
[EventRounds "9"]
[EventCountry "ESP"]
[Source "lmi"]
[SourceDate "2012.09.01"]

1. e4 e6 2. d4 d5 3. e5 c5 4. c3 Qb6 5. Nf3 Nc6 6. a3 c4 7. Nbd2 Na5 8. Be2 Bd7
9. O-O Qc7 10. Qc2 Ne7 11. b4 cxb3 12. Nxb3 Ba4 13. Rb1 Nxb3 14. Rxb3 Bxb3 15.
Qxb3 Nc6 16. Qa4 Be7 17. Bd2 O-O 18. Rb1 a6 19. h3 b5 20. Qb3 Na5 21. Qa2 Nc4
22. Bc1 Rfb8 23. Ra1 a5 24. Bxc4 Qxc4 25. Qc2 b4 26. Bd2 bxc3 27. Qxc3 Qxc3 28.
Bxc3 Rb3 29. Bd2 Bxa3 30. Rd1 Bb4 31. Be3 Rc8 32. Ra1 h6 0-1

[Event "3. Memorial Oliver Gonzalez 2012 - B"]
[Site "Madrid ESP"]
[Date "2012.09.01"]
[Round "1.36"]
[White "Siu Burillo, Joaquin"]
[Black "Martinez Rubio, Felipe"]
[Result "0-1"]
[WhiteElo "1368"]
[BlackElo "1835"]
[PlyCount "96"]
[EventDate "2012.09.01"]
[EventType "swiss"]
[EventRounds "9"]
[EventCountry "ESP"]
[Source "lmi"]
[SourceDate "2012.09.01"]

1. d4 d5 2. Bf4 e6 3. Nf3 c5 4. c3 Qb6 5. Qb3 Nc6 6. Nbd2 Qxb3 7. Nxb3 c4 8.
Nbd2 Nf6 9. h3 Be7 10. e3 O-O 11. Be2 b5 12. O-O b4 13. Ne5 Bb7 14. Ndf3 bxc3
15. Nxc6 Bxc6 16. b3 cxb3 17. axb3 a5 18. Ne5 Rfc8 19. Nxc6 Rxc6 20. Rfc1 Bb4
21. f3 h6 22. e4 dxe4 23. fxe4 Nxe4 24. Bb5 Rcc8 25. Bd7 Rd8 26. Bc6 Nd2 27.
Bxd2 cxd2 28. Rd1 Rac8 29. Bb5 Rxd4 30. Be2 Rc5 31. Kf2 Re5 32. Ra2 Rf4+ 33.
Bf3 Re1 34. Rdxd2 Bxd2 35. Rxd2 Rb1 36. Rd8+ Kh7 37. Rb8 Rb2+ 38. Ke3 Rb4 39.
Rxb4 axb4 40. Kd3 Rxb3+ 41. Kc4 Rb2 42. Kd3 g6 43. Kd4 f6 44. Kc5 Kg7 45. Kc4
e5 46. Kd5 Rc2 47. Be4 b3 48. g4 Rh2 0-1

[Event "3. Memorial Oliver Gonzalez 2012 - B"]
[Site "Madrid ESP"]
[Date "2012.09.02"]
[Round "2.1"]
[White "Garcia Serrano, Jose M. Ii"]
[Black "Lara Granero, Bio"]
[Result "0-1"]
[WhiteElo "1896"]
[BlackElo "2069"]
[PlyCount "50"]
[EventDate "2012.09.01"]
[EventType "swiss"]
[EventRounds "9"]
[EventCountry "ESP"]
[Source "lmi"]
[SourceDate "2012.09.01"]

1. e4 c5 2. d4 cxd4 3. c3 Nf6 4. e5 Nd5 5. cxd4 e6 6. Nc3 Nxc3 7. bxc3 Qc7 8.
Nf3 d6 9. exd6 Bxd6 10. Bd2 b6 11. Bd3 Bb7 12. O-O Nd7 13. Rc1 h6 14. c4 O-O
15. h3 e5 16. Nxe5 Nxe5 17. dxe5 Bxe5 18. Be3 Rad8 19. Qc2 Rfe8 20. Rfe1 Qc6
21. f4 Bc3 22. Re2 Rxe3 23. Rxe3 Bd4 24. Rce1 Re8 25. Bf5 Rxe3 0-1

[Event "3. Memorial Oliver Gonzalez 2012 - B"]
[Site "Madrid ESP"]
[Date "2012.09.02"]
[Round "2.2"]
[White "Fernandez Gil, Ruben Carlos"]
[Black "Vazquez Gonzalez, Jesus"]
[Result "1-0"]
[WhiteElo "1891"]
[BlackElo "2061"]
[PlyCount "69"]
[EventDate "2012.09.01"]
[EventType "swiss"]
[EventRounds "9"]
[EventCountry "ESP"]
[Source "lmi"]
[SourceDate "2012.09.01"]

1. e4 c5 2. Nf3 g6 3. d4 Bg7 4. Nc3 Qa5 5. Bd2 cxd4 6. Nd5 Qd8 7. Bf4 d6 8.
Nxd4 e5 9. Nb5 exf4 10. Nbc7+ Kf8 11. Nxa8 Bxb2 12. Rb1 Qa5+ 13. Qd2 Qxa2 14.
Rd1 Be5 15. Nac7 a6 16. Nxf4 Bxf4 17. Qxf4 Qa5+ 18. Rd2 Qxc7 19. Rxd6 Nd7 20.
g3 g5 21. Qd2 Ngf6 22. Bg2 Ke7 23. Rd4 g4 24. O-O Ne5 25. Qb4+ Ke8 26. Rfd1 Nc6
27. Qc3 Qe7 28. e5 Nd7 29. Bxc6 bxc6 30. Qxc6 Qd8 31. Rc4 Ke7 32. Qd6+ Ke8 33.
e6 fxe6 34. Qxe6+ Kf8 35. Rf4+ 1-0

[Event "3. Memorial Oliver Gonzalez 2012 - B"]
[Site "Madrid ESP"]
[Date "2012.09.02"]
[Round "2.3"]
[White "Quintero Torres, Pedro"]
[Black "Martinez Hernandez, Noemi"]
[Result "1-0"]
[WhiteElo "2053"]
[BlackElo "1893"]
[PlyCount "189"]
[EventDate "2012.09.01"]
[EventType "swiss"]
[EventRounds "9"]
[EventCountry "ESP"]
[Source "lmi"]
[SourceDate "2012.09.01"]

1. e4 e6 2. d4 d5 3. Nc3 dxe4 4. Nxe4 Bd7 5. Nf3 Bc6 6. Bd3 Nd7 7. Qe2 Ngf6 8.
O-O Nxe4 9. Bxe4 Bxe4 10. Qxe4 c6 11. c4 Nf6 12. Qd3 Be7 13. Bg5 O-O 14. Rfd1
Qd6 15. Bh4 Qf4 16. Bg3 Qe4 17. Qb3 b6 18. Re1 Qg4 19. h3 Qh5 20. Ne5 c5 21.
Nc6 Rfe8 22. Nxe7+ Rxe7 23. Re5 Qg6 24. dxc5 Nd7 25. cxb6 Nxe5 26. b7 Rb8 27.
Bxe5 Rbxb7 28. Qc3 f6 29. Bd6 Re8 30. c5 Qe4 31. Re1 Qc6 32. Re3 Rd7 33. Rg3
Kf7 34. Qd3 Kg8 35. Qd4 e5 36. Qc4+ Rf7 37. b4 a6 38. Ra3 Ra8 39. Rf3 Raa7 40.
Qb3 Rad7 41. a4 Rxd6 42. cxd6 Qxd6 43. Rd3 Qc7 44. Rc3 Qd7 45. b5 axb5 46. axb5
g6 47. b6 Kg7 48. Rc7 Qxc7 49. bxc7 Rxc7 50. Qb6 Ra7 51. Qd6 Kf7 52. Qd5+ Kf8
53. Qd8+ Kf7 54. Qh8 Ke6 55. Qg8+ Rf7 56. Kf1 f5 57. g3 Kf6 58. Qh8+ Ke6 59.
Ke2 Rd7 60. Ke3 Re7 61. f3 Rd7 62. h4 Rf7 63. Kd3 Rd7+ 64. Ke3 Rf7 65. Kf2 Rd7
66. Qc8 Ke7 67. Kg2 Kd6 68. Kh3 Re7 69. Qa6+ Kd7 70. Qb5+ Ke6 71. h5 Kf6 72.
Qb6+ Re6 73. Qd8+ Re7 74. h6 Kf7 75. Qh8 Ke6 76. Kh4 Rf7 77. Kg5 Re7 78. Qf6+
Kd7 79. Qb6 Rf7 80. Qb8 Ke6 81. Qe8+ Re7 82. Qc6+ Kf7 83. Qf6+ Ke8 84. Qh8+ Kd7
85. Qg8 e4 86. Qd5+ Kc7 87. Kf6 Re8 88. Kf7 Rd8 89. Qc4+ Kd6 90. fxe4 Rd7+ 91.
Kf6 fxe4 92. Qxe4 Kc7 93. Qe5+ Kc6 94. g4 Rc7 95. Qxc7+ 1-0

[Event "3. Memorial Oliver Gonzalez 2012 - B"]
[Site "Madrid ESP"]
[Date "2012.09.02"]
[Round "2.4"]
[White "Lopez De Turiso, Jose Angel"]
[Black "Garcia Salamero, Hector"]
[Result "1-0"]
[WhiteElo "2046"]
[BlackElo "1868"]
[PlyCount "97"]
[EventDate "2012.09.01"]
[EventType "swiss"]
[EventRounds "9"]
[EventCountry "ESP"]
[Source "lmi"]
[SourceDate "2012.09.01"]

1. e4 e5 2. Nc3 Nf6 3. Bc4 Nc6 4. d3 Be7 5. f4 exf4 6. Bxf4 d6 7. Nf3 Na5 8.
Bb5+ c6 9. Ba4 b5 10. Bb3 Nxb3 11. axb3 O-O 12. O-O Bb7 13. Kh1 a6 14. Qd2 c5
15. Rae1 d5 16. e5 Ne8 17. Bg5 Nc7 18. Ne2 d4 19. Bxe7 Qxe7 20. Ng3 Bc8 21. c3
dxc3 22. bxc3 Be6 23. Qc2 f6 24. exf6 Rxf6 25. Ne4 Rf4 26. Nfg5 Raf8 27. Rxf4
Rxf4 28. Qd2 Rf5 29. Nxe6 Nxe6 30. Ng3 Rf6 31. Qe3 Qf7 32. h3 h6 33. Ne4 Rg6
34. Nxc5 Nxc5 35. Qxc5 Qxb3 36. Re8+ Kh7 37. Qf8 Rf6 38. Qh8+ Kg6 39. Re3 Qxc3
40. Rg3+ Kh5 41. Qe8+ g6 42. Qe4 Qc1+ 43. Kh2 g5 44. Qe8+ Rg6 45. Qe2+ g4 46.
hxg4+ Kh4 47. Rh3+ Kg5 48. Qe5+ Kxg4 49. Qh5+ 1-0

[Event "3. Memorial Oliver Gonzalez 2012 - B"]
[Site "Madrid ESP"]
[Date "2012.09.02"]
[Round "2.5"]
[White "Martinez Rubio, Felipe"]
[Black "Sacristan Latorre, Alberto"]
[Result "0-1"]
[WhiteElo "1835"]
[BlackElo "2041"]
[PlyCount "78"]
[EventDate "2012.09.01"]
[EventType "swiss"]
[EventRounds "9"]
[EventCountry "ESP"]
[Source "lmi"]
[SourceDate "2012.09.01"]

1. d4 Nf6 2. Bg5 g6 3. Bxf6 exf6 4. c4 Bg7 5. Nc3 O-O 6. e3 f5 7. Nge2 c5 8. d5
d6 9. g3 a6 10. a4 Nd7 11. Bg2 Qb6 12. Qc2 Ne5 13. b3 Re8 14. O-O Qa5 15. Rab1
Rb8 16. Rfc1 Qc7 17. h3 h5 18. f4 Nd7 19. Kf2 Nf6 20. Re1 Qe7 21. Ng1 h4 22.
gxh4 Ne4+ 23. Nxe4 fxe4 24. Kg3 Bf6 25. Kh2 Bxh4 26. Rf1 Kh7 27. Ne2 f5 28. Qd2
Rg8 29. Ng1 g5 30. fxg5 Qxg5 31. Rb2 Bg3+ 32. Kh1 Be5 33. Rc2 Qg3 34. Bxe4 fxe4
35. Qf2 Bd7 36. Qf7+ Rg7 37. Qh5+ Kg8 38. Rcf2 Rh7 39. Qe2 Bxh3 0-1

[Event "3. Memorial Oliver Gonzalez 2012 - B"]
[Site "Madrid ESP"]
[Date "2012.09.02"]
[Round "2.6"]
[White "Rasskin Friederichs, Ivan"]
[Black "Magan Gonzalez, Alberto"]
[Result "1-0"]
[WhiteElo "2015"]
[BlackElo "1850"]
[PlyCount "138"]
[EventDate "2012.09.01"]
[EventType "swiss"]
[EventRounds "9"]
[EventCountry "ESP"]
[Source "lmi"]
[SourceDate "2012.09.01"]

1. e4 c5 2. Nc3 d6 3. g3 Nc6 4. Bg2 e6 5. d3 g6 6. Be3 Bg7 7. f4 Nge7 8. Nf3
Nd4 9. O-O O-O 10. e5 Nef5 11. Bf2 dxe5 12. Nxe5 Rb8 13. Ne4 f6 14. Nc4 b6 15.
a4 Bb7 16. a5 Bd5 17. c3 Nc6 18. axb6 axb6 19. Qe2 Bxc4 20. dxc4 Qc7 21. Nxc5
bxc5 22. Qxe6+ Kh8 23. Qxc6 Qxc6 24. Bxc6 Rxb2 25. Bd7 Nh6 26. Bxc5 Rd8 27. Ra7
f5 28. Bd4 Bxd4+ 29. cxd4 Ng4 30. c5 Rxh2 31. c6 Rc2 32. Re1 Nf6 33. Re7 Rb8
34. Rb7 Ra8 35. Rb1 Raa2 36. Rb8+ Ng8 37. Rxg8+ Kxg8 38. Be6+ Kf8 39. Rf7+ Ke8
40. Bxa2 Rxa2 41. Rxh7 Kd8 42. d5 Rd2 43. Rd7+ Kc8 44. d6 Rc2 45. Rc7+ Kd8 46.
Kf1 Rd2 47. Rd7+ Kc8 48. Ke1 Rc2 49. Rc7+ Kd8 50. Kd1 Rc5 51. Ke2 Rc3 52. Kd2
Rc5 53. Ke3 Rd5 54. Rd7+ Kc8 55. Kf3 Rc5 56. Rc7+ Kd8 57. Kg2 Rd5 58. Rd7+ Kc8
59. Kh3 Rc5 60. Rc7+ Kd8 61. Kh4 Rc3 62. Kg5 Rxg3+ 63. Kf6 Rd3 64. Rd7+ Kc8 65.
Kxg6 Rd5 66. Kf6 Rc5 67. Rh7 Rxc6 68. Rc7+ Rxc7 69. dxc7 Kxc7 1-0

[Event "3. Memorial Oliver Gonzalez 2012 - B"]
[Site "Madrid ESP"]
[Date "2012.09.02"]
[Round "2.7"]
[White "Dominguez Alfara, Miguel"]
[Black "Avendaño Mateos, Jose"]
[Result "1/2-1/2"]
[WhiteElo "1828"]
[BlackElo "2014"]
[PlyCount "63"]
[EventDate "2012.09.01"]
[EventType "swiss"]
[EventRounds "9"]
[EventCountry "ESP"]
[Source "lmi"]
[SourceDate "2012.09.01"]

1. d4 d5 2. Nf3 Nf6 3. e3 Bg4 4. Be2 e6 5. O-O Bd6 6. Nbd2 Nbd7 7. c4 c6 8. b3
O-O 9. Bb2 Rc8 10. Ne5 Bf5 11. Ndf3 h6 12. Nh4 Bh7 13. f4 Ne4 14. Qe1 Be7 15.
Nhf3 a6 16. a4 Nd6 17. c5 Ne4 18. Bc3 Nxc3 19. Qxc3 Be4 20. b4 f6 21. Nxd7 Qxd7
22. b5 axb5 23. axb5 Bxf3 24. Rxf3 Ra8 25. b6 Rxa1+ 26. Qxa1 e5 27. fxe5 fxe5
28. Rxf8+ Bxf8 29. Qa7 exd4 30. exd4 Qe7 31. Kf2 Qh4+ 32. Kf1 1/2-1/2

[Event "3. Memorial Oliver Gonzalez 2012 - B"]
[Site "Madrid ESP"]
[Date "2012.09.02"]
[Round "2.8"]
[White "De Sousa Da Silva, Armando"]
[Black "Fernandez Garcia, Ignacio"]
[Result "1-0"]
[WhiteElo "2014"]
[BlackElo "1832"]
[PlyCount "73"]
[EventDate "2012.09.01"]
[EventType "swiss"]
[EventRounds "9"]
[EventCountry "ESP"]
[Source "lmi"]
[SourceDate "2012.09.01"]

1. c4 e5 2. g3 f5 3. Bg2 Nf6 4. Nc3 Be7 5. e3 c6 6. d4 e4 7. Nge2 O-O 8. O-O d6
9. Nf4 g5 10. Nh3 g4 11. Nf4 Qe8 12. h4 Nh5 13. Nce2 Ng7 14. b4 Nd7 15. Bb2 Nf6
16. d5 Nfh5 17. c5 Bf6 18. Bxf6 Rxf6 19. Rc1 dxc5 20. Rxc5 Bd7 21. Qb3 Kh8 22.
dxc6 Rxc6 23. Nxh5 Nxh5 24. Rxc6 Bxc6 25. Nd4 Ng7 26. Rc1 Bd7 27. Rc7 Rb8 28.
Qd5 Bc6 29. Nxc6 bxc6 30. Qd4 Qf8 31. a3 Rd8 32. Qc3 a5 33. bxa5 Kg8 34. Bf1
Rd6 35. Bc4+ Kh8 36. a6 h6 37. a7 1-0

[Event "3. Memorial Oliver Gonzalez 2012 - B"]
[Site "Madrid ESP"]
[Date "2012.09.02"]
[Round "2.9"]
[White "Galan Aguado, Fernando"]
[Black "Alonso Aranzabal, Iñigo"]
[Result "0-1"]
[WhiteElo "1820"]
[BlackElo "1976"]
[PlyCount "42"]
[EventDate "2012.09.01"]
[EventType "swiss"]
[EventRounds "9"]
[EventCountry "ESP"]
[Source "lmi"]
[SourceDate "2012.09.01"]

1. d4 Nf6 2. Nf3 g6 3. Bf4 Bg7 4. h3 c5 5. c3 cxd4 6. cxd4 Nd5 7. Be5 Qa5+ 8.
Qd2 Qxd2+ 9. Kxd2 Bh6+ 10. e3 O-O 11. g4 Nc6 12. Bg3 d6 13. Nc3 Nxc3 14. Kxc3
Bg7 15. Rc1 e5 16. Bg2 Be6 17. a3 Bd5 18. Rhd1 Rac8 19. Kd2 exd4 20. Bxd6 dxe3+
21. fxe3 Rfd8 0-1

[Event "3. Memorial Oliver Gonzalez 2012 - B"]
[Site "Madrid ESP"]
[Date "2012.09.02"]
[Round "2.10"]
[White "Rodriguez Bachiller, Luis"]
[Black "Lopez Heras, Arturo"]
[Result "0-1"]
[WhiteElo "1813"]
[BlackElo "1976"]
[PlyCount "82"]
[EventDate "2012.09.01"]
[EventType "swiss"]
[EventRounds "9"]
[EventCountry "ESP"]
[Source "lmi"]
[SourceDate "2012.09.01"]

1. e4 e5 2. Nf3 Nc6 3. Bb5 f5 4. d4 fxe4 5. Bxc6 dxc6 6. Nxe5 Nf6 7. O-O Bd6 8.
Bf4 O-O 9. Bg3 Qe8 10. Nd2 c5 11. c3 cxd4 12. cxd4 Be6 13. Qc2 Bd5 14. Ndc4 Rc8
15. Ne3 c6 16. Nxd5 cxd5 17. Qd2 Qe6 18. Rac1 Bxe5 19. Bxe5 Ng4 20. Rxc8 Rxc8
21. Bg3 e3 22. fxe3 Qxe3+ 23. Qxe3 Nxe3 24. Rf3 Rc1+ 25. Kf2 Ng4+ 26. Ke2 Rc2+
27. Kd3 Rxb2 28. h3 Nf6 29. Rf2 Rb4 30. Be5 Kf7 31. Rc2 Rb6 32. g4 Rc6 33. Rb2
b6 34. g5 Ne4 35. h4 Kg6 36. Rc2 Rxc2 37. Kxc2 Kh5 38. Bxg7 Kxh4 39. Kd3 Nxg5
40. Ke3 Kg4 41. Bh6 Nf7 0-1

[Event "3. Memorial Oliver Gonzalez 2012 - B"]
[Site "Madrid ESP"]
[Date "2012.09.02"]
[Round "2.11"]
[White "Fernandez Lago, David"]
[Black "Montes De Santiago, Fernando"]
[Result "1-0"]
[WhiteElo "1976"]
[BlackElo "1818"]
[PlyCount "61"]
[EventDate "2012.09.01"]
[EventType "swiss"]
[EventRounds "9"]
[EventCountry "ESP"]
[Source "lmi"]
[SourceDate "2012.09.01"]

1. e4 d5 2. exd5 Qxd5 3. Nc3 Qa5 4. Bc4 Nf6 5. Nge2 Bf5 6. d3 e6 7. Bd2 c6 8.
f3 Nbd7 9. g4 Bg6 10. Ng3 Qc7 11. Qe2 O-O-O 12. O-O-O Bd6 13. Nge4 Bf4 14. Qf2
Kb8 15. Kb1 Nd5 16. Bxd5 exd5 17. Bxf4 Qxf4 18. Ne2 Qc7 19. N4g3 Rde8 20. f4 f6
21. Rde1 Re7 22. Nd4 Rxe1+ 23. Rxe1 Qb6 24. f5 Be8 25. Qf4+ Ne5 26. Ne6 Kc8 27.
Nxg7 Rg8 28. Nxe8 Rxg4 29. Qe3 d4 30. Qe2 Qd8 31. Nxf6 1-0

[Event "3. Memorial Oliver Gonzalez 2012 - B"]
[Site "Madrid ESP"]
[Date "2012.09.02"]
[Round "2.12"]
[White "Zanoletty Garcia, David"]
[Black "Ore Leon, Gustavo"]
[Result "1-0"]
[WhiteElo "1962"]
[BlackElo "1812"]
[PlyCount "63"]
[EventDate "2012.09.01"]
[EventType "swiss"]
[EventRounds "9"]
[EventCountry "ESP"]
[Source "lmi"]
[SourceDate "2012.09.01"]

1. Nf3 g6 2. c4 Bg7 3. d4 c5 4. e3 Nf6 5. Nc3 cxd4 6. Nxd4 O-O 7. Be2 d6 8. O-O
a6 9. Qc2 e5 10. Nb3 Nc6 11. Nd5 Nxd5 12. cxd5 Ne7 13. e4 f5 14. f3 f4 15. Bd2
g5 16. Rac1 Ng6 17. Qc7 Qf6 18. Na5 Rf7 19. Qb6 Qe7 20. Bb4 Bf8 21. Rc2 g4 22.
Rfc1 gxf3 23. Bxf3 Bh3 24. Rc7 Qg5 25. Rxf7 Bxg2 26. Rf5 Qh6 27. Rh5 Qg7 28.
Rc7 Be7 29. Bxg2 Nh4 30. Rxh4 f3 31. Qf2 Bxh4 32. Rxg7+ 1-0

[Event "3. Memorial Oliver Gonzalez 2012 - B"]
[Site "Madrid ESP"]
[Date "2012.09.02"]
[Round "2.13"]
[White "Merino Araguas, Jose Javier"]
[Black "Rives Higueras, Alan"]
[Result "1-0"]
[WhiteElo "1811"]
[BlackElo "1959"]
[PlyCount "27"]
[EventDate "2012.09.01"]
[EventType "swiss"]
[EventRounds "9"]
[EventCountry "ESP"]
[Source "lmi"]
[SourceDate "2012.09.01"]

1. d4 Nf6 2. c4 e5 3. dxe5 Ng4 4. Bf4 Bb4+ 5. Nd2 Nc6 6. Ngf3 Qe7 7. e3 Ngxe5
8. Nxe5 Nxe5 9. Be2 O-O 10. O-O d6 11. Nb3 Be6 12. a3 Nxc4 13. axb4 Qf6 14. Nd4
1-0

[Event "3. Memorial Oliver Gonzalez 2012 - B"]
[Site "Madrid ESP"]
[Date "2012.09.02"]
[Round "2.14"]
[White "Rodriguez Dorado, Victor"]
[Black "Sierra Soria, Maria"]
[Result "1/2-1/2"]
[WhiteElo "1958"]
[BlackElo "1795"]
[PlyCount "38"]
[EventDate "2012.09.01"]
[EventType "swiss"]
[EventRounds "9"]
[EventCountry "ESP"]
[Source "lmi"]
[SourceDate "2012.09.01"]

1. c4 c5 2. Nf3 g6 3. g3 Bg7 4. Bg2 e6 5. O-O Nc6 6. Nc3 Nge7 7. d3 O-O 8. Rb1
b6 9. a3 Bb7 10. Nb5 d5 11. e4 d4 12. a4 e5 13. Bd2 Nb4 14. Qe2 Bc6 15. b3 Bd7
16. Ne1 Qc8 17. Nd6 Qc7 18. Nb5 Qc8 19. Nd6 Qc7 1/2-1/2

[Event "3. Memorial Oliver Gonzalez 2012 - B"]
[Site "Madrid ESP"]
[Date "2012.09.02"]
[Round "2.15"]
[White "Morera Rodriguez, Ignacio"]
[Black "Noval Toldos, Francisco Javier"]
[Result "0-1"]
[WhiteElo "1800"]
[BlackElo "1956"]
[PlyCount "136"]
[EventDate "2012.09.01"]
[EventType "swiss"]
[EventRounds "9"]
[EventCountry "ESP"]
[Source "lmi"]
[SourceDate "2012.09.01"]

1. d4 Nf6 2. c4 g6 3. Nc3 Bg7 4. Nf3 d6 5. e4 O-O 6. Be2 e5 7. O-O Nc6 8. d5
Ne7 9. b4 a5 10. b5 Nd7 11. Be3 b6 12. Qd2 f5 13. Bh6 f4 14. Bxg7 Kxg7 15. Na4
h6 16. g3 g5 17. Qd1 g4 18. Nh4 f3 19. Bd3 Qe8 20. Rb1 Qh5 21. Re1 Rf6 22. Bf1
Nf8 23. Re3 Nfg6 24. Nxg6 Nxg6 25. Rd3 Bb7 26. Nc3 Rd8 27. Qd2 Ne7 28. Rd1 Bc8
29. Qe3 Qg6 30. R1d2 h5 31. Na4 Qh6 32. Qxh6+ Rxh6 33. Nb2 Rf6 34. a4 Ng6 35.
c5 dxc5 36. Nc4 Kf8 37. d6 cxd6 38. Nxb6 Bb7 39. Nc4 Ke7 40. Nxa5 Bxe4 41. Rb3
Ra8 42. Nc6+ Kd7 43. a5 Bxc6 44. bxc6+ Kxc6 45. Rb6+ Kc7 46. Ba6 Ra7 47. Rdb2
Rf8 48. Rb7+ Rxb7 49. Rxb7+ Kc6 50. Rb6+ Kd7 51. Bb5+ Ke6 52. a6 Ne7 53. Rb7
Ra8 54. a7 c4 55. Bxc4+ d5 56. Bb5 Kd6 57. Rd7+ Kc5 58. Ba6 Nc6 59. h3 Rxa7 60.
Rxa7 Nxa7 61. hxg4 hxg4 62. Kf1 e4 63. Ke1 Nc6 64. Bc8 Ne5 65. Kd2 Kd4 66. Be6
Nd3 67. Bxg4 Nxf2 68. Bc8 e3+ 0-1